Begins and Ends with 'C' II Quiz Stats

 Plays Quiz Updated Oct 4, 2019

Score 0/20 Timer 06:00
4 Plays Today
Definition C__C Word % Correct
A place for medical diagnosisClinic
90.3%
One who reviews a movie or theater productionCritic
83.2%
An ordained church leader or a character class in role playing gamesCleric
72.1%
A therapy system involving adjustments to the spineChiropractic
66.7%
Relating to the eating of human fleshCannibalistic
66.1%
Lipstick, blush, rouge, or eyeshadow, e.g.Cosmetic
64.3%
A condition in which an otherwise healthy infant cries inconsolably or displays symptoms of painColic
63.7%
Of or relating to vastness of the universeCosmic
62.8%
Cancer-causingCarcinogenic
60.7%
Relating to a violent and sudden disastrous changeCatastrophic
60.3%
Definition C__C Word % Correct
Relating to heat or the energy that comes from foodCaloric
60.1%
Mysterious or codedCryptic
54.3%
Relating to an innocence or plump, childlike appearanceCherubic
52.9%
Exhibiting a magnetic personal appealCharismatic
52.5%
The autoimmune disease that makes people unable to eat wheat glutenCeliac
51.7%
Like a ring or a recurring patternCyclic
47.4%
Corrosive or destructiveCaustic
39.4%
Having the most symmetrical lattice, like zirconia crystalsCubic
28.7%
Purgative, especially with emotionsCathartic
28.6%
A musical scale entirely of half stepsChromatic
22.2%

You're not logged in!

Compare scores with friends on all Sporcle quizzes.
OR
Log In

Sporcle TV

Today on Sporcle TV


Watch our educational content, quiz creation guides, and fun videos on Sporcle TV.

Show Comments

Extras

Top Quizzes Today


Score Distribution

Your Account Isn't Verified!

In order to create a playlist on Sporcle, you need to verify the email address you used during registration. Go to your Sporcle Settings to finish the process.

Report this User

Report this user for behavior that violates our Community Guidelines.

Details: